Snowmen at night / (Record no. 4865)

MARC details
000 -LEADER
fixed length control field 00878nam a22003017a 4500
001 - CONTROL NUMBER
control field 4865
003 - CONTROL NUMBER IDENTIFIER
control field FISKH
005 - DATE AND TIME OF LATEST TRANSACTION
control field 20250530115857.0
008 - FIXED-LENGTH DATA ELEMENTS--GENERAL INFORMATION
fixed length control field 241021b cb ||||| |||| 00| 0 eng d
020 ## - INTERNATIONAL STANDARD BOOK NUMBER
International Standard Book Number 9780439631556
040 ## - CATALOGING SOURCE
Original cataloging agency FISKH
Language of cataloging eng
Transcribing agency FISKH
Modifying agency FISKH
050 ## - LIBRARY OF CONGRESS CALL NUMBER
Classification number PZ8.B865
082 ## - DEWEY DECIMAL CLASSIFICATION NUMBER
Classification number 813.69
100 ## - MAIN ENTRY--PERSONAL NAME
Personal name Buehner, Caralyn
Dates associated with a name (1963-)
245 ## - TITLE STATEMENT
Title Snowmen at night /
Statement of responsibility, etc. Caralyn Buehner pictures by Mark Buehner
250 ## - EDITION STATEMENT
Edition statement First printing in 2004.
260 ## - PUBLICATION, DISTRIBUTION, ETC.
Place of publication, distribution, etc. New York :
Name of publisher, distributor, etc. Scholastic,
Date of publication, distribution, etc. 2004.
300 ## - PHYSICAL DESCRIPTION
Extent 29 pages :
Other physical details Color illustrations ;
Dimensions 28 cm
505 ## - FORMATTED CONTENTS NOTE
Formatted contents note G<br/>
520 ## - SUMMARY, ETC.
Summary, etc. Snowmen play games at night when no one is watching.
521 8# - TARGET AUDIENCE NOTE
Target audience note 300<br/>
Source Lexile Adjusted<br/>
521 8# - TARGET AUDIENCE NOTE
Target audience note G<br/>
Source Raz-Plus
650 ## - SUBJECT ADDED ENTRY--TOPICAL TERM
Source of heading or term Snowmen
Topical term or geographic name entry element Picture book
650 ## - SUBJECT ADDED ENTRY--TOPICAL TERM
Source of heading or term Winter
Topical term or geographic name entry element Imagination
700 ## - ADDED ENTRY--PERSONAL NAME
Personal name Buehner, Mark
Dates associated with a name Illustrator
942 ## - ADDED ENTRY ELEMENTS (KOHA)
Source of classification or shelving scheme Dewey Decimal Classification
Koha item type Books
Suppress in OPAC No
Holdings
Withdrawn status Lost status Source of classification or shelving scheme Damaged status Not for loan Collection Home library Current library Shelving location Date acquired Total Checkouts Full call number Barcode Date last seen Copy number Price effective from Koha item type Date due Date last checked out
    Dewey Decimal Classification     Juvenile Fiction Footprints International School Library Network Toul Kork Campus Footprints International School Library Network Toul Kork Campus TK Primary Library Room(4th Floor), Bookcase 7, Shelves 57-60, Dark Green Books 05/30/2025   BUE 813.69 PZ8.B865 2024-2179 10/21/2024 1 05/30/2025 Books    
    Dewey Decimal Classification     Juvenile Fiction Footprints International School Library Network Toul Kork Campus Footprints International School Library Network Toul Kork Campus TK Primary Library Room(4th Floor), Bookcase 7, Shelves 57-60, Dark Green Books 05/30/2025 1 BUE 813.69 PZ8.B865 FISTK02033 08/20/2025 2 05/30/2025 Books 09/03/2025 08/20/2025